[Event "GMA, Wijk aan Zee NED"]
[Site "?"]
[Date "2003.??.??"]
[Round "5"]
[White "Anand,V"]
[Black "Karpov,An"]
[Result "1-0"]
[WhiteElo "2750"]
[BlackElo "2685"]
[PlyCount "87"]
[Annotator "Hathaway"]

1. e4
{ Anand's fight with Karpov has gone back further than that of Polgar & Karpov. And, as he has gotten stronger while Karpov faded a bit, he is now expected to win their matchups pretty often. That doesn't mean Karpov is terribly weak or easy to beat. }
1...c6
{ Karpov varies between this (Caro-Kann) and the Petrov's Defense these days. In his younger days he played the Black side of the Ruy Lopez (quite well) and even played some Sicilian Defense variations. }
2. d4 d5 3. e5
{ Curiously, it's the more closed positions with solidly blocked pawn structures which have given Karpov some trouble. That's been true in other openings as well. }
3...Bf5 (3...c5 
{ is out of fashion, but was once favored by Botwinnik }) 4. Nc3 e6 5. g4
{ This aggressive variation aims to "punish" Black for exposing his bishop without having anything immediate for it to do. Black depends upon his "solid" pawn structure to protect his king and to slow White's onslaught. }
5...Bg6 6. Nge2
{ White might follow-up with f2-f4-f5 or h2-h4-h5, but all lines require good piece activity and that's what gives Black a little time to develop and create some counter-play. }
 (6. h4 h5 
{ and how is White to continue if not to play a knight to f4? }
  (6...h6 7. Bd3 Bxd3 8. Qxd3 
{ might have been played in the past, but today the  aim is to gain more time kicking Black's Bg6 around. }) ) 6...Ne7
{ This protects Bg6 and guards against f2-f4-f5, so White's offense will require a little more build-up and piece support. }
7. f4 c5
{ There is a risk that dxc5 can be supported or that Nc3-b5-d6 would occur quickly. White now has a fight all across the board. To add more force at the center White might consider Bf1-g2 before f4-f5, but there are some instances when Nc3-b5 needs the support from Bf1. }
 (7...h5 
{ Fritz7; This is a typical move to slow the offense. }) 8. Ng3
{ guarding e4 and preparing f4-f5 or dxc5 or Nc3-b5. This ought to create a small crisis for Black to solve. }
8...cxd4
{ Something else to give Bg6 room to move might be necessary; perhaps ...f6. }
 (8...f6 9. exf6 gxf6 10. dxc5 
{ Fritz7 }) 9. Nb5
{ There was a time when only Qxd4 would be considered. The idea of going around the central pawns with Nc3-b5 isn't new, but I think it's still fun to see. Nb5-d6+ would also support f4-f5 to win a piece. }
9...Nec6
{ Black allows f4-f5 and gains several pawns in exchange. It's a practical decision which one makes when the clock is running, but it's also one he might not play again. }
 (9...f6 10. exf6 gxf6 11. f5 exf5 12. Bf4 $16 
{ Fritz7 }) 10. f5 $16 Bc5 11. Nd6+
{ White is going to lose Pe5 and Nb5 can't retreat, so this forces Black to give his bishop for a knight to get it. }
 (11. fxg6 hxg6 12. a3 Nxe5 13. Bf4 Nbc6 $14 
{ Fritz7; It's strange how Fritz7 sees a position, gives it one evaluation and then following it's own suggestions a few moves down the line it switches the evaluation to something more tepid. }) 11...Bxd6 12. exd6 Qxd6 13. Bg2 f6 (13...Nd7 $14 
{ Fritz7 }) 14. fxg6 hxg6
{ Now is time to re-evaluate: White has an extra bishop, but Black has three pawns, all in the center of the board, clogging up lines. White's plan has to get rid of a few of those pawns to make way for the White pieces. }
15. O-O (15. Qd3 Ne5 16. Qxd4 Nbc6 17. Qa4 Qb4+ 18. Qxb4 Nxb4 19. Kd2 Nxg4 20. c3 Nc6 21. h3 Nge5 $11 
{ Fritz7; It takes a fine position and forces an odd series of moves which ends as "equal"; truly bizarre. }) 15...Nd7 16. Rf2
{ preparing c2-c3 by avoiding a ...Qd6-c5+ }
16...O-O-O 17. c3 dxc3 18. bxc3 Nb6
{ c3-c4 won't be so easy to accomplish as Black prevents it directly and in the event it's played Black also has ...d5-d4. So, White probably has to go farther afield to force lines open. He might also consider doubling rooks on the b-file to put a little pressure on before playing a2-a4-a5 or c3-c4. }
19. Nf1 Rd7 $11
{ Fritz7; Karpov recognizes that Pb7 is a weakness and he defends it first thing. }
20. h3
{ Evidently he wasn't so comfortable with his king's safety and decided to reorganize. At least this frees Nf1 to move about, though giving the opponent several free moves isn't usually a great thing. }
20...f5
{ This looks a little awkward, but it keeps a small threat in the vicinity of Kg1 and that will keep White tied-up a bit. }
 (20...g5) 21. Rb1 Rf8
{ I'm not certain whether this is to prepare ...fxg4 and to trade rooks or to prepare ...f5-f4 and a general pawn advance across the center. }
22. Qb3
{ threatening Bc1-a3 as well as perhaps a2-a4-a5 }
22...Rff7
{ The two Black rooks surrounded by pawns don't have much space. }
23. Qc2
{ keeping an eye on Pf5 and Pg6 to keep Black from becoming aggressive }
23...Rc7 (23...Nc4 
{ Fritz7 }) 24. Qd3 Na4
{ This is an aggressive move, aimed probably at ...Na4-c5-e4. Karpov is quite Classical and likes centralizing pieces. }
 (24...fxg4 25. Rxf7 Rxf7 26. hxg4 Nc4 $11 
{ Fritz7 }) 25. Bf4
{ I can't tell whether he feels the bishop is needed to keep Kg1 safe or if he is just prodding Black into weakening his pawns by advancing them. In any event, this alignment of Bf4 with Qd6 and Rc7 can't be bad. }
 (25. c4 d4  (25...Nc5 26. Qd1 Ne4 27. Bxe4 fxe4 28. Rxf7 Rxf7 
{ Fritz7; This seems to me to  be closer to what Black wants, rather than the plan Anand is following. })  26. Ba3 Qd7 $16 
{ Fritz7 and Mark agree this is good for White! }
  (26...Nc5 27. Bxc5 Qxc5 28. Rb5 Qd6 29. c5 Qd7 $14 
{ Fritz7 })  27. Rd2 e5 28. Bd5 Rf6 29. g5) 25...e5 26. Bh2
{ White threatens Pf5 and Pd5 and he can apply more pressure with Rf2-d2 and/or Nf1-e3. }
26...f4 27. Qxd5 Qxd5 28. Bxd5 Rfe7 (28...Nxc3 $142 29. Be6+  (29. Bxf7 Nxb1 30. Bxg6 Nc3 31. Kg2 Ne7 32. Bh7 $11 
{ Fritz7 })  29...Kb8 30. Rc1 Nd4 31. Rxc3 Nxe6 32. Rd3 $15 
{ Fritz7; It gives this as a slight advantage to Black, though the material balance is still about equal. }) 29. c4
{ White has won a pawn and doesn't have as much difficulty gaining piece activity and doesn't have to fear an avalanche of pawns on both light and dark squares. }
29...Nd4 $11
{ according to Fritz7; I doubt Anand would have agreed. }
30. Nd2
{ White has to hold back Pe5 to gain time for maneuvering to free Bh2 (Kg1-g2, Bh2-g1, Rf2-f1) . }
30...Nc3 31. Re1
{ It's not important to defend Pa2 as long as White is happy to trade Pa2 for Pa7 by Re1-a1xa7. }
31...b5 (31...Nc2 $11 32. Bxb7+ Rxb7 33. Rc1 Ne3 34. Rxc3 Nd1 35. Rc2 Nxf2 36. Kxf2 $14 
{ Fritz7; This evaluator seems entirely unreliable. First it says one thing then another. }) 32. Ne4
{ Now Rf2 defends Pa2 and Ne4 indirectly defends Pc4 by Ne4-d6+xc4. }
32...Nxe4 33. Rxe4 g5 (33...bxc4 34. Bxf4 exf4 35. Rxd4 c3 36. Bb3 $16) 34. cxb5 Nxb5
{ I think it's time to re-evaluate again: Black's dark-square pawns are holding Bh2 at bay, but that won't last forever and White's light-square pieces can be challenged by ...Nb5-d6 or ...Nb5-c3. so, White has to continue acting fast to challenge Black's pawn mass at Pe5 or Pg5 (h3-h4 comes to mind) . }
35. Re1 Nc3 36. Bb3
{ Anand seems patient, but it could be he's avoiding more complicated lines, knowing full well that Black's pawns can't last long or that White will simply maneuver Bh2 out of the corner. In the event of ...e5-e4 he also has the simpler simplifying Bh2xf4, getting two pawns for the bishop and maintaining a slight endgame advantage. }
36...a5 37. Kf1 a4 38. Bc2
{ He keeps Pa4 under attack and Pa2 is defended by Rf2 when Bc2-f5+ is played. }
38...Kb7 39. Bf5 a3 40. Rc2 $18
{ There, now Bh2-g1 is possible (Fritz7 finally sees that piece!) and there is a favorable alignment on the c-file, so that White might force a simplifying rook trade to reach a very easy piece-plus ending. }
40...Rc6 (40...e4 41. h4 
{ and Black's pawns quickly collapse }) 41. Bg1 Rc4 (41...e4 42. Bd4 Nb5 43. Bxe4 Nxd4  (43...Rxe4 44. Rxc6 Rxd4 45. Rg6 Rd7 46. Rb1 Rd5 47. Rxg7+ Ka6 48. Rb3 $16)  44. Bxc6+ Nxc6 45. Rxe7+ Nxe7 46. Rc3 $18) 42. Bf2 e4
{ This is easy to criticize as the game continuation isn't hard to find, but there are few other moves for Black. }
43. Rec1 Rec7 44. Be1
{ After 44...Nd5 45. Rxc4 Ne3+ 46. Kf2 Nxc4 47. Bxd5+ and Black's house of cards collapses. }
1-0

[Event "GMA, Wijk aan Zee NED"]
[Site "?"]
[Date "2003.??.??"]
[Round "5"]
[White "Krasenkow,M"]
[Black "Bareev,E"]
[Result "1/2"]
[WhiteElo "2630"]
[BlackElo "2725"]
[PlyCount "71"]

1.d4 d5 2.c4 c6 3.Nc3 Nf6 4.e3 a6 5.Qc2 e6 6.Nf3 c5 7.cxd5 exd5 8.Be2 Nc6 
9.O-O Be6 10.Rd1 cxd4 11.Nxd4 Rc8 12.Nxe6 fxe6 13.e4 d4 14.Qb3 Qd7 15.Na4 
Na5 16.Qb6 Nc4 17.Qxd4 Qxa4 18.b3 e5 19.Qd3 Qa5 20.bxc4 Bc5 21.Be3 O-O 
22.Bxc5 Qxc5 23.Rab1 Rc7 24.Rb3 Rd7 25.Qe3 Rxd1+ 26.Bxd1 Rd8 27.Rd3 Rxd3 
28.Qxd3 h6 29.Kf1 Kf7 30.h4 Ke7 31.Bb3 g5 32.hxg5 hxg5 33.Ke2 b6 34.g3 
a5 35.Qe3 Qxe3+ 36.Kxe3 1/2

[Event "GMA, Wijk aan Zee NED"]
[Site "?"]
[Date "2003.??.??"]
[Round "6"]
[White "Kramnik,V"]
[Black "Grischuk,A"]
[Result "1/2"]
[WhiteElo "2805"]
[BlackElo "2710"]
[PlyCount "40"]

1.e4 c5 2.Nc3 Nc6 3.Nf3 e5 4.Bc4 d6 5.d3 Be7 6.O-O Nf6 7.Ng5 O-O 8.f4 Bg4 
9.Qe1 exf4 10.Bxf4 Nd4 11.Qd2 Qd7 12.a4 h6 13.Nf3 Nxf3+ 14.gxf3 Be6 15.Kh1 
Kh7 16.Bb5 Qd8 17.d4 cxd4 18.Ne2 Nh5 19.Bg3 Nxg3+ 20.hxg3 Bg5 1/2

[Event "GMA, Wijk aan Zee NED"]
[Site "?"]
[Date "2003.??.??"]
[Round "6"]
[White "Karpov,An"]
[Black "Radjabov,T"]
[Result "1/2"]
[WhiteElo "2685"]
[BlackElo "2620"]
[PlyCount "225"]

1.d4 Nf6 2.c4 g6 3.Nc3 Bg7 4.e4 d6 5.Nf3 O-O 6.Be2 e5 7.Be3 Na6 8.O-O Ng4 
9.Bg5 Qe8 10.dxe5 dxe5 11.h3 f6 12.Bd2 Nh6 13.Be3 c6 14.c5 Nf7 15.Bc4 Nc7 
16.Qb3 Ne6 17.Bxe6 Qxe6 18.Qxe6 Bxe6 19.Rfd1 Rfd8 20.b3 Bf8 21.Na4 Be7 
22.Ne1 f5 23.exf5 gxf5 24.f4 exf4 25.Bxf4 Ng5 26.Nd3 Ne4 27.Be3 Bf6 28.Rac1 
Bf7 29.Nf4 Be5 30.Kf1 Kg7 31.Rxd8 Rxd8 32.Ke1 Re8 33.Kd1 Ng3 34.Rc2 Bc7 
35.Bc1 Ne4 36.Bb2+ Kg8 37.Bc1 h6 38.g4 fxg4 39.hxg4 Ng5 40.Nb2 Nf3 41.Nfd3 
Rd8 42.Rg2 Bg6 43.Ke2 Bxd3+ 44.Kxf3 Rf8+ 45.Ke3 Bb1 46.Kd4 Bxa2 47.Bxh6 
Rf6 48.Nd3 Bxb3 49.Rb2 Rxh6 50.Rxb3 b5 51.cxb6 axb6 52.Ra3 Bh2 53.Ke4 Kf7 
54.g5 Rd6 55.Ra2 Bg3 56.Rc2 c5 57.Nxc5 bxc5 58.Rxc5 Kg6 59.Rd5 Ra6 60.Kf3 
Bd6 61.Ke4 Be7 62.Re5 Ra4+ 63.Kd5 Bxg5 64.Re4 Ra5+ 65.Ke6 Ra6+ 66.Ke5 Bf6+ 
67.Kf4 Ra1 68.Re6 Rf1+ 69.Kg4 Rh1 70.Re4 Rh5 71.Kf4 Rf5+ 72.Ke3 Be5 73.Rc4 
Rf1 74.Rc2 Kf5 75.Kd3 Rd1+ 76.Rd2 Ra1 77.Kc4 Ra8 78.Rf2+ Ke6 79.Rd2 Ra4+ 
80.Kc5 Re4 81.Rc2 Bd6+ 82.Kc6 Bf4 83.Rc5 Be3 84.Rc3 Bd4 85.Rg3 Re2 86.Rg6+ 
Bf6 87.Rh6 Rc2+ 88.Kb5 Ke5 89.Rh5+ Kd4 90.Rh6 Be5 91.Rb6 Kd5 92.Ka6 Bc7 
93.Rb3 Bd6 94.Kb5 Bc5 95.Rd3+ Bd4 96.Rb3 Rc8 97.Kb4 Rc7 98.Kb5 Bc3 99.Ka6 
Kc4 100.Rb7 Rc8 101.Rb1 Ra8+ 102.Kb7 Rh8 103.Rc1 Kd4 104.Kc6 Rc8+ 105.Kd7 
Rc4 106.Ke6 Ke4 107.Rd1 Bb4 108.Kd7 Rc2 109.Rh1 Bd2 110.Rh2 Ra2 111.Kc6 
Ke5 112.Re2+ Kd4 113.Rg2 1/2

[Event "GMA, Wijk aan Zee NED"]
[Site "?"]
[Date "2003.??.??"]
[Round "6"]
[White "Ivanchuk,V"]
[Black "Anand,V"]
[Result "1/2"]
[WhiteElo "2695"]
[BlackElo "2750"]
[PlyCount "25"]

1.c4 Nf6 2.d4 e6 3.Nf3 b6 4.g3 Ba6 5.Nbd2 Bb4 6.a3 Bxd2+ 7.Nxd2 Bb7 8.Nf3 
d5 9.cxd5 Bxd5 10.Bg2 O-O 11.O-O Nbd7 12.Bf4 c5 13.dxc5 1/2

[Event "GMA, Wijk aan Zee NED"]
[Site "?"]
[Date "2003.??.??"]
[Round "6"]
[White "Krasenkow,M"]
[Black "Shirov,A"]
[Result "1-0"]
[WhiteElo "2630"]
[BlackElo "2720"]
[PlyCount "79"]
[Annotator "Boris Alterman and Jason Doss"]

1. d4 d5 2. c4 dxc4 {Shirov switches to the Queen's gambit accepted despite
his successful reanimation of the sharp Botvinnik line against Ponomariov in
round 4.    } 3. Nf3 Nf6 4. e3 e6 5. Bxc4 c5 6. Qe2 {White immediately
develops his Queen to the most useful position (preparing dc then e3- e4!).}
6... a6 7. dxc5 Bxc5 8. O-O b5 9. Bd3 Nc6 10. Rd1 Qc7 11. a4 $1 bxa4 12. Rxa4
Nb4 $5 {Trying to save a pawn ....however black has severely underestimated
White's attacking potential.} 13. Bb5+ Nd7 (13... Bd7 14. Bxd7+ Nxd7 15. Bd2
$16) 14. Bd2 Rb8 15. Bxb4 {
Remember, open lines benefit the better-developed side.} 15... Rxb5 16. Qc2 $1
{One look at the white pieces should be enough to strike fear into your heart.
With the exception of the b1 knight, all of them are poised to attack the
black Queen-side} 16... Nb6 17. Ra5 $1 Bd6 18. Qxc7 Bxc7 19. Rxb5 axb5 20. Nc3
Bd7 21. Nd4 {Black's position is full of problems ,primarily that his King is
still in the center, but if he is able to avoid immediate defeat than his
defensive resources (like the pair of bishops) could be enough to hold the
game.} 21... Be5 22. Ndxb5 f6 23. Nd6+ $1 {The most precise continuation ....
taking away the two bishops advantage while still keeping black counterplay
chances slim! Black is more than a pawn down, he is also in a completely lost
position due to the dominating activity of the white pieces.} 23... Bxd6 24.
Rxd6 Nc4 25. Ra6 Kf7 (25... Nxb2 $4 26. Ra8+ $18) 26. Ra7 Rd8 27. f4 Ke8 28.
Ne4 Rb8 29. Bc3 Nxe3 {It's hard to criticize this blunder, black's position is
quite miserable to play. Better was 29... e5} 30. Nc5 {
Now white's rook on the seventh rank reaches its fullest potential.} 30... Bc8
(30... Rd8 31. Ba5 $18) 31. Rxg7 h5 32. Bxf6 Ra8 33. h3 Nf5 34. Rc7 Ra1+ 35.
Kf2 Ba6 36. Nxa6 Rxa6 37. g4 Nd6 38. Be5 hxg4 39. hxg4 Nf7 40. Bc3 1-0

[Event "GMA, Wijk aan Zee NED"]
[Site "?"]
[Date "2003.??.??"]
[Round "6"]
[White "Ponomariov,R"]
[Black "Polgar,Ju"]
[Result "1/2"]
[WhiteElo "2730"]
[BlackElo "2700"]
[PlyCount "117"]

1.d4 Nf6 2.c4 e6 3.Nc3 Bb4 4.e3 O-O 5.Nge2 d5 6.a3 Bd6 7.c5 Be7 8.b4 b6 
9.Bd2 c6 10.Nf4 bxc5 11.bxc5 e5 12.dxe5 Nfd7 13.Na4 Nxe5 14.Bc3 Qc7 15.Qc2 
Nbd7 16.Bd4 Qa5+ 17.Bc3 Qc7 18.Rc1 Nf6 19.Qb2 Ng6 20.Nxg6 fxg6 21.Be5 Qd8 
22.Be2 Ba6 23.O-O Bxe2 24.Qxe2 Qa5 25.Qc2 Rf7 26.Nb2 Qxa3 27.Nd3 Qa6 28.Bd4 
Bf8 29.Nb4 Qb7 30.Qa4 Rc8 31.Rb1 Qc7 32.f3 g5 33.Nd3 Re8 34.Qa6 h5 35.Rb2 
h4 36.h3 Rfe7 37.Nf2 Nh5 38.Qd3 Ng3 39.Rfb1 Qd7 40.Qg6 Qf5 41.Qxf5 Nxf5 
42.Ng4 Nxd4 43.exd4 Rc7 44.Kf2 Kh7 45.Ra1 Re6 46.Re2 Rxe2+ 47.Kxe2 Be7 
48.Kd3 Bf6 49.Ra6 Kg6 50.Ne3 Kf7 51.Nc2 Ke6 52.Nb4 Kd7 53.Ke3 Be7 54.f4 
gxf4+ 55.Kxf4 Bf6 56.Ke3 Bg5+ 57.Kd3 Bf6 58.Kc3 Bg5 59.Kd3 1/2

[Event "GMA, Wijk aan Zee NED"]
[Site "?"]
[Date "2003.??.??"]
[Round "6"]
[White "Bareev,E"]
[Black "Van Wely,L"]
[Result "0-1"]
[WhiteElo "2725"]
[BlackElo "2665"]
[PlyCount "146"]

1.d4 Nf6 2.c4 g6 3.Nc3 d5 4.Nf3 Bg7 5.Qb3 dxc4 6.Qxc4 O-O 7.e4 a6 8.Be2 
b5 9.Qb3 c5 10.dxc5 Bb7 11.O-O Nxe4 12.Nxe4 Bxe4 13.Bf4 Bd5 14.Qe3 Bxb2 
15.Rad1 e6 16.Nd4 Bxd4 17.Rxd4 Nc6 18.Rd2 Qf6 19.Rc1 Rfe8 20.h3 e5 21.Bg5 
Qe6 22.Bg4 f5 23.Bd1 f4 24.Qc3 Nd4 25.Bxf4 Bxa2 26.c6 Bc4 27.c7 Qd6 28.Bg3 
Re7 29.Qa5 Rc8 30.Bg4 R8xc7 31.Rcd1 Nb3 32.Rxd6 Nxa5 33.Bh4 Rf7 34.Rxa6 
Nc6 35.Rd6 Nb4 36.Ra8+ Kg7 37.Bg3 Nd3 38.Rxd3 Bxd3 39.Bxe5+ Kh6 40.Rd8 
Rce7 41.Bd6 Re1+ 42.Kh2 Bf5 43.Bb4 Re6 44.Bd1 Rc6 45.Bb3 Be6 46.Bd2+ Kg7 
47.Bxe6 Rxe6 48.Bc3+ Kh6 49.f4 Rc6 50.Bd4 g5 51.fxg5+ Kxg5 52.Rb8 Rf5 53.Rg8+ 
Rg6 54.Rh8 h5 55.Kg3 Rd5 56.Be3+ Kf6+ 57.Kf3 Kg7 58.Rb8 Re6 59.Bf4 Rd3+ 
60.Kf2 Rb3 61.Rd8 Re4 62.Bd2 Kf6 63.Rf8+ Ke6 64.Rh8 Re5 65.Bf4 Rf5 66.g3 
Rc5 67.Be3 Rf5+ 68.Bf4 b4 69.Ke2 Ra5 70.Rh6+ Kf7 71.Kd2 Ra2+ 72.Kc1 Rf3 
73.Kb1 b3 0-1